Psikologi Pendidikan : Pendekatan Kontemporari

Bibliographic Details
Main Author: Ramlah Jantan
Format: Book
Published: Petaling Jaya : McGraw Hill Education , 2002
Subjects:

MARC

LEADER 00000cam a2200000 7i4500
001 0000090319
005 20120305.0
008 111123 bm
020 |a 9839340808 
090 0 0 |a 370.1521 RAM 
100 0 |a Ramlah Jantan 
245 1 4 |a Psikologi Pendidikan :   |b Pendekatan Kontemporari   |c Ramlah Jantan, Mahani Razali 
260 |a Petaling Jaya :   |b McGraw Hill Education ,   |c 2002 
300 |a vi,159p. :   |b ill. ;   |c 26cm. 
650 0 0 |a Educational psychology 
999 |a 0000121608   |b Buku   |c Rak Terbuka   |e Perbadanan Perpustakaan Awam Melaka 
999 |a 220595   |b Buku   |c Rak Terbuka   |e Perbadanan Perpustakaan Awam Melaka